100 Largest US Cities - N - Statistics

General Stats
  • This quiz has been taken 283 times
  • The average score is 27 of 100
Answer Stats
Rank Population City % Correct
1 8,230,290 New York, NY
100%
2 678,448 Nashville, TN
88%
33 51,077 Newark, CA
81%
45 33,419 Newark, DE
81%
4 282,529 Newark, NJ
81%
34 50,943 Newark, OH
81%
3 388,424 New Orleans, LA
80%
72 23,844 Newport, RI
77%
70 24,323 Norfolk, NE
74%
6 241,056 Norfolk, VA
74%
9 130,764 New Haven, CT
72%
5 265,224 North Las Vegas, NV
66%
87 19,099 Newton, KS
65%
18 87,960 Newton, MA
65%
10 126,952 Norman, OK
60%
7 180,629 Newport News, VA
57%
8 149,167 Naperville, IL
55%
16 90,323 Nashua, NH
49%
12 105,405 Nampa, ID
48%
13 102,251 Norwalk, CA
45%
17 88,326 Norwalk, CT
45%
98 16,837 Norwalk, OH
45%
41 38,140 Norwich, CT
43%
21 76,498 Napa, CA
41%
11 119,992 North Charleston, SC
41%
15 95,347 New Bedford, MA
38%
60 28,147 Northampton, MA
37%
77 22,206 Naples, FL
36%
97 16,891 New Castle, IN
35%
79 21,264 New Castle, PA
35%
19 83,454 Newport Beach, CA
34%
20 78,027 New Rochelle, NY
33%
65 26,550 New London, CT
32%
28 61,504 North Miami, FL
31%
66 26,249 Northport, AL
29%
22 75,296 North Port, FL
29%
14 101,637 New Braunfels, TX
27%
30 55,272 New Brunswick, NJ
25%
32 54,149 Normal, IL
25%
26 65,665 North Little Rock, AR
24%
23 72,303 New Britain, CT
23%
71 24,188 Newberg, OR
22%
56 29,319 North Chicago, IL
22%
35 47,136 Niagara Falls, NY
21%
42 37,167 New Albany, IN
19%
39 39,699 New Berlin, WI
19%
38 42,161 North Miami Beach, FL
18%
46 32,717 Nacogdoches, TX
16%
59 28,510 Niles, IL
16%
90 17,920 Niles, OH
16%
25 67,398 Noblesville, IN
16%
85 20,031 Nogales, AZ
16%
53 29,962 New Bern, NC
15%
61 28,143 Newburgh, NY
14%
44 34,237 Norristown, PA
14%
75 23,303 North Platte, NE
14%
29 61,114 Novi, MI
14%
49 30,970 Needham, MA
13%
62 27,432 New Iberia, LA
13%
74 23,722 North Haven, CT
12%
24 70,638 North Richland Hills, TX
12%
80 21,244 North Salt Lake, UT
12%
57 29,306 Norwood, MA
12%
86 19,648 Norwood, OH
12%
27 61,638 National City, CA
11%
88 18,481 Newburyport, MA
11%
82 20,908 Northfield, MN
11%
36 45,087 Newnan, GA
10%
96 16,953 Natchitoches, LA
9%
99 16,708 Niceville, FL
9%
48 31,191 Nicholasville, KY
9%
67 26,230 Norco, CA
9%
47 32,654 Northbrook, IL
9%
64 26,826 Neenah, WI
8%
73 23,749 Nixa, MO
8%
100 16,650 Norcross, GA
8%
91 17,383 North Myrtle Beach, SC
8%
93 17,301 Nederland, TX
7%
92 17,372 New Philadelphia, OH
7%
58 29,217 New Smyrna Beach, FL
7%
40 38,419 Northglenn, CO
7%
78 21,820 North Ogden, UT
7%
51 30,750 Naugatuck, CT
6%
83 20,653 New Hope, MN
6%
52 30,234 Newington, CT
6%
37 44,220 North Lauderdale, FL
6%
31 55,268 Novato, CA
6%
68 24,794 Norton Shores, MI
5%
76 22,693 New Brighton, MN
4%
94 17,239 New Port Richey, FL
4%
69 24,421 North Augusta, SC
4%
89 18,031 North Aurora, IL
4%
95 17,026 North Canton, OH
4%
84 20,083 North Liberty, IA
4%
50 30,955 North Olmsted, OH
4%
54 29,941 North Tonawanda, NY
4%
63 27,324 New Lenox, IL
3%
43 35,552 North Ridgeville, OH
3%
55 29,836 North Royalton, OH
3%
81 20,947 North Plainfield, NJ
2%
No matching quizzes found
Score Distribution
Percent of People with Each Score
Percentile by Number Answered
Your Score History
You have not taken this quiz